00370cam a22001217a 4500008004000000082001600040100001900056245007500075260002800150300001400178650003700192650001900229180718b1961 xxu||||| |||| 00| 0 eng d aA6x667 N659 aNerumah, Kwame aI speak of freedom: a statement of African ideology.cby Kwame Nkrumah aLondonbHeinemannc1961 axiv, 291p aAfrica -Politics and government. aGhana -History